| 000 | 00900nam a22001937a 4500 | ||
|---|---|---|---|
| 005 | 20260409162945.0 | ||
| 008 | 260409b |||||||| |||| 00| 0 eng d | ||
| 020 | _a0710509367 (pbk) | ||
| 040 | _cUE-CL | ||
| 082 | _a823.8 | ||
| 100 | _aDickens charles | ||
| 245 |
_aGreat expectations _c/ Charles dickens |
||
| 260 |
_aScotland: _bPeter haddock ltd., _c1997 |
||
| 300 | _a197 P. | ||
| 505 | _aContents To the Reader About the Author The Man in the Churchyard Morning on the Marsh The Hunt Miss Havisham A Fight and a Kiss Violence Great Expectations Miss Havisham's Story. A Wild Beast Tamed A Welcome Message The Stranger on the Stairs The Truth Magwitch's Story The Accident Estella's Father Down River The Death of Magwitch Joe and Biddy December Evening | ||
| 546 | _aEnglish | ||
| 650 | _aGreat--Expectations | ||
| 942 | _cBK | ||
| 999 |
_c25984 _d25983 |
||